书目信息 |
| 题名: |
科学的探索
|
|
| 作者: | 孙祥燮 译 | |
| 分册: | 第二辑 生物学、医学 | |
| 出版信息: | 上海 上海科学技术出版社 1980 |
|
| 页数: | 140页 | |
| 开本: | 19cm | |
| 丛书名: | ||
| 单 册: | ||
| 中图分类: | N56 | |
| 科图分类: | ||
| 主题词: | 自然科学--普及读物 | |
| 电子资源: | ||
| ISBN: | 13119.820 | |
| 000 | 00626nam0 2200229 450 | |
| 001 | 0180005650 | |
| 005 | 20100713165220.0 | |
| 010 | @a13119.820@dCNY0.39 | |
| 091 | @a13119.820 | |
| 100 | @a20060221d1980 em y0chiy0121 ea | |
| 101 | 0 | @achi |
| 102 | @aCN@b310000 | |
| 105 | @ay z 000yy | |
| 106 | @ar | |
| 200 | 1 | @a科学的探索@9Ke Xue De;Di Tan Suo @i生物学、医学@f孙祥燮 ... 等译@h第二辑 |
| 210 | @a上海@c上海科学技术出版社@d1980 | |
| 215 | @a140页@d19cm | |
| 606 | 0 | @a自然科学@j普及读物 |
| 690 | @aN56@v3 | |
| 701 | 0 | @a孙祥燮@9sun xiang xie@4译 |
| 801 | 0 | @aCN@bAzMarc@c20130904 |
| 905 | @aBZT@dN56@e1@f1@sN56/1 | |
| 科学的探索.生物学、医学/孙祥燮 ... 等译.第二辑.-上海:上海科学技术出版社,1980 |
| 140页;19cm |
| ISBN 13119.820:CNY0.39 |
| ● |
| 相关链接 |
|
|
|
正题名:科学的探索
索取号:N56/1
 
预约/预借
| 序号 | 登录号 | 条形码 | 馆藏地/架位号 | 状态 | 备注 |
| 1 | 2000082889 | 2000082889 | 旧书回溯/ [索取号:N56/1] | 在馆 |